| 000 | 01082nam0a2200337 4500 | ||
|---|---|---|---|
| 001 | RU\NLR\BIBL_A\012534827 | ||
| 005 | 20210708153903.0 | ||
| 010 |
_a978-5-905441-16-5 _9200 |
||
| 021 |
_aRU _bКН-П-21-002673 _9КН-П-21-0205 |
||
| 035 | _a(NLR Aleph) 012534827 | ||
| 035 | _a(RuMoRGB)010557457 | ||
| 090 |
_a12380166 _c12380166 |
||
| 100 | _a20210602d2020 u y0rusy50 ca | ||
| 101 | 0 | _arus | |
| 102 | _aRU | ||
| 105 | _a |||z|||000 y | ||
| 181 | 0 |
_ai3 _baxxe |
|
| 182 | 0 | _an | |
| 200 | 1 |
_aКак карта ляжет _eдетективный роман _fТатьяна Шарпарь |
|
| 203 |
_aТекст _bвизуальный _cнепосредственный |
||
| 210 |
_aИжевск _cКоханова Е.А. _d2020 |
||
| 215 |
_a482, [2] с. _cил. _d21 |
||
| 333 | _a12+ | ||
| 686 | 2 | _aШ6(2=Р)8-446 | |
| 700 | 1 |
_aШарпарь _bТ. С. _gТатьяна Сергеевна |
|
| 942 | _cBOOK | ||
| 980 | _aNBR | ||
| 980 | _aNB | ||